[Event "Arabian ch"]
[Site "Dubai"]
[Date "1995.??.??"]
[Round "?"]
[White "Fadi, Eid"]
[Black "Al Sulaiti, Ali"]
[Result "1-0"]
[WhiteElo "2225"]
[BlackElo "2240"]

1.e4 c5 2.Nf3 d6 3.d4 cxd4 4.Nxd4 Nf6 5.Nc3 a6 6.Be3 e5 7.Nb3 Be6 8.Qd2 Be7
9.f3 Qc7 10.O-O-O Nbd7 11.g4 O-O-O 12.g5 Nh5 13.Nd5 Bxd5 14.Qxd5 Nf4 15.Bxf4 exf4
16.Qxf7 Bxg5 17.Qe6 Bf6 18.Qxd6 Qxd6 19.Rxd6 Ne5 20.Rxd8+ Bxd8 21.Be2 Bb6
22.c3 Rd8 23.Rd1 Rxd1+ 24.Kxd1 Kd7 25.Nd2 Ke7 26.b4 Kf6 27.Ke1 a5 28.a3 axb4
29.axb4 Kg5 30.Kf1 Kh4 31.Kg2 h5 32.Nb3 Be3 33.h3 g6 34.Bb5 b6 35.c4 g5 36.c5 bxc5
37.bxc5 g4 38.hxg4 hxg4 39.Be2 g3 40.Bb5 Kg5 41.c6 Ng6 42.c7 Nh4+ 43.Kh3 g2
44.c8=Q g1=Q 45.Qd8+ Kg6 46.Qg8+ Kh5 47.Qh7+ Kg5 48.Qxh4+  1-0

[Event "RSA-op"]
[Site "Durban"]
[Date "1995.??.??"]
[Round "5"]
[White "Kobese, Watu"]
[Black "Michelakis, George"]
[Result "1/2-1/2"]
[WhiteElo "2250"]
[BlackElo "2425"]

1.e4 c5 2.Nf3 d6 3.d4 cxd4 4.Nxd4 Nf6 5.Nc3 a6 6.Be3 e5 7.Nb3 Be7 8.f3 Be6
9.Qd2 O-O 10.g4 d5 11.g5 d4 12.gxf6 Bxf6 13.O-O-O dxe3 14.Qe1 Qb6 15.Rg1 a5
16.Nd5 Bxd5 17.Rxd5 a4 18.Na5 a3 19.Nc4 axb2+ 20.Kb1 Qc7 21.Qxe3 Nd7 22.Rd6 b5
23.Rxf6  1/2-1/2

[Event "Eger op"]
[Site "Eger"]
[Date "1995.??.??"]
[Round "?"]
[White "Kis, Jozsef"]
[Black "Vajda, Szidonia"]
[Result "1/2-1/2"]
[WhiteElo "2110"]
[BlackElo "2205"]

1.e4 c5 2.Nf3 d6 3.d4 cxd4 4.Nxd4 Nf6 5.Nc3 a6 6.Be3 e5 7.Nb3 Qc7 8.Qd2 Be7
9.O-O-O Be6 10.f4 Nbd7 11.f5 Bc4 12.Bxc4 Qxc4 13.Qd3 Qc6 14.Na5 Qc7 15.Nc4 O-O
16.Bg5 b5 17.Ne3 Nc5 18.Qe2 Ncxe4 19.Nxe4 Nxe4 20.Bxe7 Qxe7 21.Nd5 Qg5+ 22.Kb1 Nc5
23.f6 Kh8 24.Rhf1 Ne6 25.Rf3 gxf6 26.Rg3 Qf5 27.Rf1 Nf4 28.Qd1 Rae8 29.Rgf3 Qg6
30.Nxf4 exf4 31.Qxd6 Qxg2 32.Qxf6+ Qg7 33.Rxf4 Qxf6 34.Rxf6 Re2 35.a4 Rc8
36.axb5  1/2-1/2

[Event "Troll Masters"]
[Site "Gausdal"]
[Date "1995.??.??"]
[Round "8"]
[White "Gullaksen, Eirik T"]
[Black "Coleman, David"]
[Result "0-1"]
[WhiteElo "2365"]
[BlackElo "2240"]

1.e4 c5 2.Nf3 d6 3.d4 cxd4 4.Nxd4 Nf6 5.Nc3 a6 6.Be3 e6 7.f3 b5 8.g4 Bb7
9.Qd2 Nfd7 10.O-O-O Nb6 11.Qf2 N8d7 12.Nb3 Rc8 13.Na5 Ba8 14.Ne2 Na4 15.Nb3 Qc7
16.Nf4 Ne5 17.Kb1 Nxf3 18.Bd3 Ne5 19.Rhg1 g6 20.Bc1 Bg7 21.h3 Nc4 22.c3 Be5
23.Rgf1 O-O 24.Qe2 Bxc3 25.Bxc4 bxc4 26.Nd4 Qb6  0-1

[Event "Geneve op"]
[Site "Geneve"]
[Date "1995.??.??"]
[Round "3"]
[White "Frank, Albert"]
[Black "Astengo, Corrado"]
[Result "1/2-1/2"]
[WhiteElo "2125"]
[BlackElo "2170"]

1.e4 c5 2.Nf3 d6 3.d4 Nf6 4.Nc3 cxd4 5.Nxd4 a6 6.Be3 e5 7.Nde2 Be6 8.Ng3 Nbd7
9.Qd2 Be7 10.Be2 b5 11.a4 Qa5 12.b4 Qxb4 13.Rb1 Qa5 14.axb5 Rc8 15.Nd5 Qxd2+
16.Kxd2 Bxd5 17.exd5 axb5 18.Rxb5 g6 19.Ra1 O-O 20.Ra7 Rb8 21.f3 Rfe8 22.Rxb8 Rxb8
23.Bg5 Bf8 24.Ne4 Nxe4+ 25.fxe4 Nc5 26.Ke3 Rb4 27.Bd3 Kg7 28.Bh4 Rb1 29.Ra8  1/2-1/2

[Event "Oberliga Nord N9596"]
[Site "Germany"]
[Date "1995.??.??"]
[Round "?"]
[White "Murawski, Grzegorz"]
[Black "Joecks, Christian"]
[Result "1/2-1/2"]
[WhiteElo "2215"]
[BlackElo "2370"]

1.e4 c5 2.Nf3 d6 3.d4 cxd4 4.Nxd4 Nf6 5.Nc3 a6 6.Be3 e6 7.Qd2 Be7 8.f3 O-O
9.g4 Nc6 10.O-O-O Nxd4 11.Bxd4 Nd7 12.Kb1 b5 13.h4 b4 14.Ne2 Ne5 15.Bxe5 dxe5
16.Qxd8 Rxd8 17.Rxd8+ Bxd8 18.Nc1 a5 19.Bc4 Be7 20.Nd3 f6 21.Rd1 Kf7 22.h5 Ba6
23.Bxa6 Rxa6 24.c3 bxc3 25.bxc3 Rc6 26.Kc2 Bb4 27.Nxb4 axb4 28.Rd7+ Kf8 29.Rd3 f5
30.g5 Ke7 31.Kb3 bxc3 32.Rxc3 Rb6+ 33.Kc4 h6 34.gxh6 gxh6 35.a4 Kf6 36.a5 Rb1
37.Ra3 Rc1+ 38.Kb5 Kg5 39.a6 Rc8 40.a7 Ra8 41.Kc6 Kf4 42.Kd6 fxe4 43.fxe4 Kxe4
44.Kxe6  1/2-1/2

[Event "BL2-N9495"]
[Site "Germany"]
[Date "1995.??.??"]
[Round "?"]
[White "Rudolf, Henrik"]
[Black "Kapischka, Jens"]
[Result "0-1"]
[WhiteElo "2230"]
[BlackElo "2295"]

1.e4 c5 2.Nf3 d6 3.d4 cxd4 4.Nxd4 Nf6 5.Nc3 a6 6.Be3 e5 7.Nf3 Be7 8.Bc4 O-O
9.O-O Nbd7 10.Bb3 Nb6 11.h3 h6 12.Qe2 Be6 13.Rfd1 Qc7 14.Nd5 Nfxd5 15.exd5 Bf5
16.c4 Bh7 17.Rac1 Nd7 18.Ba4 Nc5 19.Bc2 a5 20.Bxh7+ Kxh7 21.Nd2 f5 22.Kh1 Rae8
23.a3 e4 24.Bxc5 dxc5 25.g4 Qe5 26.gxf5 Bd6 27.f4 Qxf5 28.Qg2 e3 29.Rg1 Rf7
30.Nb3 e2 31.Qf3 Bxf4 32.Rce1 Re3  0-1

[Event "Oberliga Ost C9495"]
[Site "Germany"]
[Date "1995.??.??"]
[Round "?"]
[White "Wege, Jochen"]
[Black "Brueggemann, Joachim"]
[Result "1-0"]
[WhiteElo "2200"]
[BlackElo "2305"]

1.e4 c5 2.Nf3 d6 3.d4 cxd4 4.Nxd4 Nf6 5.Nc3 a6 6.Be3 e6 7.f3 Nbd7 8.g4 h6
9.Qd2 b5 10.O-O-O Bb7 11.Bd3 b4 12.Nce2 d5 13.exd5 Bxd5 14.Kb1 e5 15.Rhe1 exd4
16.Nxd4 Bc5 17.Nc6 O-O 18.Nxd8 Rfxd8 19.Qf2 Bxe3 20.Rxe3 Nc5 21.Ree1 Ne6
22.h4 a5 23.Qg3 a4 24.g5 hxg5 25.hxg5 Nh5 26.Qg4 Nhf4 27.g6 fxg6 28.Bxg6 b3
29.cxb3 axb3 30.a3 Rd6 31.Bf5 Rad8 32.Bxe6+ Nxe6 33.Rxd5 Rxd5 34.Qxe6+ Kf8
35.Rc1  1-0

[Event "Oberliga Ost C9495"]
[Site "Germany"]
[Date "1995.??.??"]
[Round "?"]
[White "Wege, Jochen"]
[Black "Chandler, Patrick"]
[Result "1-0"]
[WhiteElo "2200"]
[BlackElo "2145"]

1.e4 c5 2.Nf3 d6 3.d4 cxd4 4.Nxd4 Nf6 5.Nc3 a6 6.Be3 g6 7.f3 Bg7 8.Qd2 O-O
9.O-O-O Nc6 10.g4 Bd7 11.h4 h5 12.gxh5 Nxh5 13.Bc4 Ne5 14.Bb3 Rc8 15.Rdg1 Nc4
16.Bxc4 Rxc4 17.Nf5 Bxf5 18.exf5 Rxc3 19.bxc3 Qa5 20.Bd4 Qxf5 21.Bxg7 Kxg7
22.Qd3 Qf4+ 23.Kb2 Rc8 24.Rg5 Qf6 25.Qd4 e5 26.Qg4 Rh8 27.Rg1 Nf4 28.h5 Ne6
29.Rf5 Qd8 30.Qxg6+  1-0

[Event "Oberliga Nord N9495"]
[Site "Germany"]
[Date "1995.??.??"]
[Round "?"]
[White "Upleger, Martin"]
[Black "Zieher, Hartmut"]
[Result "1/2-1/2"]
[WhiteElo "2245"]
[BlackElo "2225"]

1.e4 c5 2.Nf3 d6 3.d4 cxd4 4.Nxd4 Nf6 5.Nc3 a6 6.Be3 e5 7.Nb3 Be6 8.Be2 Be7
9.f4 Qc7 10.Qd2 Nbd7 11.O-O-O exf4 12.Bxf4 Ne5 13.Nd4 O-O 14.Nf5 Rfd8 15.g4 b5
16.g5 Ne8 17.Nd5 Bxd5 18.Qxd5 Rac8 19.Rd2 Bf8 20.Rhd1 Nc4 21.Bxc4 Qxc4 22.Qxc4 Rxc4
23.Nxd6 Bxd6 24.Bxd6 Rxe4 25.Bg3 Rxd2 26.Rxd2 f5 27.gxf6 gxf6 28.Rd7 f5 29.Rd5 Ng7
30.Kd2 f4 31.Bf2 f3 32.Kd3 Re2 33.Bg3 h5 34.Re5 h4 35.Bf4 Ne6 36.Rf5 Rg2
37.Be5 f2 38.Ke2 f1=Q+ 39.Kxf1 Rxc2 40.Rf6 Nc5 41.Rc6 Rc4 42.Kg2 Kf7 43.Kh3 Ke8
44.b3 Rc1 45.Bb2 Rb1 46.Bc3 Nd7 47.Rxa6 Rc1 48.Bb4 Rc2 49.Bd6 Nf6 50.Kxh4 Kf7
51.a4 bxa4 52.bxa4 Rc4+ 53.Kh3 Ne4 54.Bg3 Ng5+ 55.Kg2 Rc2+ 56.Kf1 Nf3 57.h4 Rd2
58.h5 Nh2+ 59.Bxh2 Rxh2 60.h6 Kg8 61.Kg1 Rh4 62.a5 Rh5 63.Kg2 Kh7 64.Kg3 Rf5
65.Kg4 Re5 66.Kf4 Rb5 67.Ke4 Rc5 68.Kd4 Rb5 69.Kc4 Rf5 70.Ra8 Rf4+ 71.Kb5 Rf5+
72.Kc6 Rf6+ 73.Kd7 Rf5 74.a6 Rf6 75.Ke7 Rb6  1/2-1/2

[Event "BL9495 (Women)"]
[Site "Germany"]
[Date "1995.??.??"]
[Round "202"]
[White "Holoubkova, Martina"]
[Black "Goehler, Antje"]
[Result "1-0"]
[WhiteElo "2190"]
[BlackElo "2170"]

1.e4 c5 2.Nf3 d6 3.d4 cxd4 4.Nxd4 Nf6 5.Nc3 a6 6.Be3 e5 7.Nb3 Be6 8.Be2 Be7
9.O-O Nbd7 10.f4 Rc8 11.f5 Bc4 12.Bxc4 Rxc4 13.Nd2 Rc8 14.a4 Nb6 15.a5 Nc4
16.Nxc4 Rxc4 17.Qd3 Qc8 18.Kh1 Qc6 19.Bb6 Nxe4 20.Nd5 Nf6 21.Ne3 Rb4 22.Ra3 O-O
23.Rc3 Qb5 24.Qxb5 Rxb5 25.Rc7 Bd8 26.Rxb7 d5 27.b3 Ne4 28.Kg1 Bg5 29.Ng4 d4
30.Re1 Nd6 31.Rd7 Nxf5 32.Rxe5 Rxe5 33.Nxe5 Be3+ 34.Kf1 f6 35.Nf3 Rc8 36.Rd8+ Rxd8
37.Bxd8 Kf7 38.Ke2 Ke6 39.Kd3 Kd5 40.Bb6 Bf4 41.h3 Bg3 42.Nxd4 Nh4 43.c4+ Kd6
44.c5+ Kd7 45.c6+ Kc8 46.b4 Nxg2 47.b5 axb5 48.a6 Kb8 49.Ke4 Nh4 50.Nxb5  1-0

[Event "BL2-W9495"]
[Site "Germany"]
[Date "1995.??.??"]
[Round "?"]
[White "Wiemer, Ralf"]
[Black "Buscher, Michael"]
[Result "1/2-1/2"]
[WhiteElo "2300"]
[BlackElo "2300"]

1.e4 c5 2.Nf3 d6 3.d4 cxd4 4.Nxd4 Nf6 5.Nc3 a6 6.Be3 Ng4 7.Bg5 h6 8.Bh4 g5
9.Bg3 Bg7 10.Qd2 Nc6 11.Nb3 Be6 12.f3 Nge5 13.Nd5 b5 14.Bf2 Nc4 15.Bxc4 bxc4
16.Nd4 Rc8 17.Nxc6 Rxc6 18.Bd4 Bxd4 19.Qxd4 Qa5+  1/2-1/2

[Event "NRW-Liga I 9495"]
[Site "Germany"]
[Date "1995.??.??"]
[Round "?"]
[White "Gipslis, Aivars"]
[Black "Roeder, Mathias"]
[Result "0-1"]
[WhiteElo "2485"]
[BlackElo "2425"]

1.e4 c5 2.Nf3 d6 3.d4 cxd4 4.Nxd4 Nf6 5.Nc3 a6 6.Be3 e5 7.Nb3 Be6 8.Nd5 Nbd7
9.f3 Nxd5 10.exd5 Bf5 11.Qd2 Rc8 12.c4 b6 13.Be2 a5 14.Rc1 Be7 15.O-O Bg6
16.f4 a4 17.Na1 exf4 18.Bxf4 O-O 19.Nc2 Bxc2 20.Rxc2 Nc5 21.Re1 Rc7 22.Bf3 h6
23.Qd1 Bf6 24.Rce2 Re7 25.Rxe7 Bxe7 26.Be3 Bf6 27.Bd4 Re8 28.Rxe8+ Qxe8 29.Bxf6 Qe3+
30.Kf1 gxf6 31.Qe2 Qd4 32.g3 Kg7 33.Kg2 f5 34.Kh3 Nd3 35.b3 a3 36.Bh5 Nf2+
37.Kg2 Ne4 38.Qf3 Qb2+ 39.Kg1 Qa1+ 40.Qf1 Qxa2 41.Qxf5 Qf2+  0-1

[Event "NRW-Liga I 9495"]
[Site "Germany"]
[Date "1995.??.??"]
[Round "?"]
[White "Begnis, Nikolaos"]
[Black "Lehmann, Holger"]
[Result "0-1"]
[WhiteElo "2315"]
[BlackElo "2150"]

1.e4 c5 2.Nf3 d6 3.d4 cxd4 4.Nxd4 Nf6 5.Nc3 a6 6.Be3 Ng4 7.Bc4 Nxe3 8.fxe3 Nd7
9.Qd2 Ne5 10.Bb3 e6 11.O-O-O Be7 12.Nce2 Bd7 13.Nf4 Qc8 14.Qe2 b5 15.Rhf1 O-O
16.g4 a5 17.a3 a4 18.Ba2 b4 19.axb4 a3 20.c3 axb2+ 21.Kxb2 Qb7 22.Bb3 Ba4
23.Bxa4 Rxa4 24.Qb5 Qa8 25.Ra1 Rxa1 26.Rxa1 Qxe4 27.Qe2 Rc8 28.Ra7 Bf8 29.Nc2 g6
30.Qg2 Nc4+ 31.Kb3 Qe5 32.Nd3 Na5+ 33.Rxa5 Qxc3+ 34.Ka2 Qxd3 35.Na3 Qxe3
36.Qb7 Rc1  0-1

[Event "Landesliga S9495 Bayern"]
[Site "Germany"]
[Date "1995.??.??"]
[Round "3"]
[White "Schulz, Michael"]
[Black "Pflug, Matthias"]
[Result "0-1"]
[WhiteElo "2125"]
[BlackElo "1810"]

1.e4 c5 2.Nc3 d6 3.Nf3 Nf6 4.d4 cxd4 5.Nxd4 a6 6.Be3 Ng4 7.Bg5 h6 8.Bh4 g5
9.Be2 Bg7 10.Bg3 h5 11.h3 h4 12.hxg4 hxg3 13.Rxh8+ Bxh8 14.fxg3 Nc6 15.Nxc6 bxc6
16.Qd2 Qa5 17.O-O-O Be6 18.a3 Rb8 19.Qe3 c5 20.Qxg5 Qb6 21.Rd3 Qxb2+ 22.Kd2 Bf6
23.Qf4 Bc4 24.Rf3 Bxc3+ 25.Rxc3 Bxe2 26.e5 Qa1 27.exd6 Rd8 28.Re3 Rxd6+  0-1

[Event "Groningen op"]
[Site "Groningen"]
[Date "1995.??.??"]
[Round "?"]
[White "Socko, Bartosz"]
[Black "Lutz, Christopher"]
[Result "1-0"]
[WhiteElo "2485"]
[BlackElo "2575"]

1.e4 c5 2.Nf3 d6 3.d4 cxd4 4.Nxd4 Nf6 5.Nc3 a6 6.Be3 e5 7.Nb3 Be6 8.f3 Be7
9.Qd2 Nbd7 10.g4 h6 11.O-O-O b5 12.Kb1 Nb6 13.Qf2 Rb8 14.h4 Nc4 15.Bxc4 bxc4
16.Nc5 Qa5 17.N5a4 Nd7 18.f4 exf4 19.Bxf4 Ne5 20.Bxe5 dxe5 21.Qa7 Qb4 22.Nd5 Bxd5
23.Rxd5 O-O 24.c3 Qxa4 25.Qxe7 Qc6 26.Qd6 Qb7 27.Rh2 Rfe8 28.Rhd2 Kh7 29.Qd7 Qb6
30.Qf5+ Kh8 31.g5 Qg1+ 32.Rd1 Qh2 33.R5d2 Qf4 34.gxh6 g6 35.Qxf4 exf4 36.Rd4 f5
37.exf5 Re2 38.Rd8+ Rxd8 39.Rxd8+ Kh7 40.f6 Re1+ 41.Kc2 Re2+ 42.Kd1  1-0

[Event "Groningen op"]
[Site "Groningen"]
[Date "1995.??.??"]
[Round "?"]
[White "Van Laatum, Gozewijn"]
[Black "Bosboom, Manuel"]
[Result "0-1"]
[WhiteElo "2345"]
[BlackElo "2450"]

1.e4 c5 2.Nf3 d6 3.d4 cxd4 4.Nxd4 Nf6 5.Nc3 a6 6.Be3 e6 7.Qd2 b5 8.f3 h5
9.Bd3 Nbd7 10.O-O-O Bb7 11.f4 b4 12.Nce2 e5 13.Nf3 Qc7 14.Ng5 Rc8 15.Kb1 Be7
16.h3 Nc5 17.Ng3 g6 18.h4 exf4 19.Bxf4 O-O 20.Rhe1 Nxd3 21.cxd3 a5 22.Be3 Ng4
23.Bd4 Ba6 24.Rf1 a4 25.Ne2 d5 26.exd5 Bd6 27.Ne4 b3 28.Bc3 Rfe8 29.Nd4 Be5
30.Nc6 Bxc3 31.Qxc3 Qd7 32.axb3 Qxd5 33.Nf6+ Nxf6 34.Rxf6 Bb7 35.Nb4 Qd8
36.Nc6 Qd5 37.Nb4 Qa5 38.Qd2 axb3 39.Qg5 Qxg5 40.hxg5 Bxg2 41.Rf2 Bh3 42.Nd5 Kg7
43.Nf6 Re5  0-1

[Event "Groningen"]
[Site "Groningen"]
[Date "1995.??.??"]
[Round "2"]
[White "Svidler, Peter"]
[Black "Van Wely, Loek"]
[Result "0-1"]
[WhiteElo "2635"]
[BlackElo "2585"]

1.e4 c5 2.Nf3 d6 3.d4 cxd4 4.Nxd4 Nf6 5.Nc3 a6 6.Be3 Ng4 7.Bg5 h6 8.Bh4 g5
9.Bg3 Bg7 10.h3 Ne5 11.Be2 Nbc6 12.Nb3 Be6 13.Nd5 Rc8 14.O-O Ng6 15.c3 Be5
16.Bxe5 Ncxe5 17.Ne3 Qb6 18.Qd4 Qxd4 19.Nxd4 Nf4 20.Bd1 Bc4 21.Nxc4 Nxc4
22.g3 Nd3 23.b3 Nd2 24.Bg4 Rxc3 25.Rfd1 Nxf2 26.Rxd2 Nxg4 27.Ne2 Ne5 28.Nxc3 Nf3+
29.Kf2 Nxd2 30.Ke3 Nxe4 31.Nxe4 f5 32.Nc3 Kd7 33.Nd5 e6 34.Nb6+ Kc6 35.Nc4 b5
36.Na5+ Kb6 37.b4 Rc8 38.Kd3 Kc7 39.Rc1+ Kd7 40.Rxc8 Kxc8 41.Nc6 Kd7 42.Nd4 h5
43.Nf3 g4 44.hxg4 hxg4 45.Nd4 Ke7 46.Ke3 Kf6 47.Nc6 e5 48.Nb8 Ke7 49.Nc6+ Ke6
50.Nd8+ Kd7 51.Nb7 Kc7 52.Na5 d5 53.Nb3 d4+ 54.Ke2 Kc6 55.Nc5 Kd5 56.Nxa6 e4
57.Nc5 Kc4 58.a3 Kc3 59.Ne6 d3+ 60.Ke3 d2 61.Ke2 f4  0-1

[Event "Groningen"]
[Site "Groningen"]
[Date "1995.??.??"]
[Round "10"]
[White "Svidler, Peter"]
[Black "Hansen, Curt"]
[Result "1-0"]
[WhiteElo "2635"]
[BlackElo "2635"]

1.e4 c5 2.Nf3 d6 3.d4 cxd4 4.Nxd4 Nf6 5.Nc3 a6 6.Be3 e5 7.Nb3 Be6 8.f3 Be7
9.Qd2 O-O 10.O-O-O b5 11.g4 b4 12.Na4 a5 13.Nb6 a4 14.Nc5 b3 15.axb3 Qxb6
16.Nxe6 axb3 17.Qc3 Qb7 18.Nxf8 bxc2 19.Kxc2 Nc6 20.Bc4 Bxf8 21.Kb1 Ra4 22.g5 d5
23.exd5 Na5 24.Ba2 Ne8 25.Qc2 Qb5 26.d6 Nxd6 27.Rd5 Qe8 28.Bc5 Nac4 29.Bb3 Qa8
30.Bxa4 Qxd5 31.Bxd6 Qxf3 32.Bxf8 Qxh1+ 33.Ka2 Qd5 34.Bb4 e4 35.b3 Nb6 36.Qc7  1-0

[Event "Wch U16 Girls"]
[Site "Guarapuava"]
[Date "1995.??.??"]
[Round "4"]
[White "Blimke, Dalia"]
[Black "Vajda, Szidonia"]
[Result "0-1"]
[WhiteElo "2090"]
[BlackElo "2265"]

1.e4 c5 2.Nf3 d6 3.d4 cxd4 4.Nxd4 Nf6 5.Nc3 a6 6.Be3 Ng4 7.Bg5 h6 8.Bh4 g5
9.Bg3 Bg7 10.Qd2 Nc6 11.Nb3 f5 12.exf5 Bxf5 13.Bd3 Qd7 14.O-O O-O 15.Rad1 Rad8
16.Bxf5 Rxf5 17.Qe2 Nge5 18.Nd5 Rdf8 19.f4 Ng6 20.fxg5 hxg5 21.c3 Nge5 22.Rxf5 Qxf5
23.Na5 Qe6 24.Nc7 Qxa2 25.Nxc6 bxc6 26.Nxa6 Qe6 27.Re1 Qd5 28.Nb4 Qc5+ 29.Qe3 Qxe3+
30.Rxe3 Rc8 31.h3 Kf7 32.Nd3 Nxd3 33.Rxd3 Ra8 34.Rd2 Ra2 35.Be1 Be5 36.Kf2 Ke6
37.Ke2 Kf5 38.Bf2 Bf4 39.Rc2 Ra5 40.g3 Be5 41.Kf3 Ra2 42.Re2 Bf6 43.Be1 e5
44.g4+ Ke6 45.Rh2 d5 46.Ke3 e4 47.Bg3 Bd8 48.Rd2 Ra1 49.Kf2 Bb6+ 50.Kg2 Be3
51.Rc2 Bf4 52.Bf2 Ra2 53.Bc5 Ke5 54.Bd4+ Kd6 55.Bf2 e3 56.Bg3 c5 57.Kf3 Ke5
58.Be1 Ra1 59.Ke2 Ke4 60.h4 gxh4 61.Bxh4 Rh1 62.Be1 d4 63.cxd4 cxd4 64.Rc4 Rh2+
65.Kd1 Kd3  0-1

[Event "Wch U18 Girls"]
[Site "Guarapuava"]
[Date "1995.??.??"]
[Round "5"]
[White "Lakos, Nikoletta"]
[Black "Li Ruofan"]
[Result "1-0"]
[WhiteElo "2275"]
[BlackElo "2215"]

1.e4 c5 2.Nf3 d6 3.d4 cxd4 4.Nxd4 Nf6 5.Nc3 a6 6.Be3 e5 7.Nb3 Be6 8.Qd2 Be7
9.f3 O-O 10.O-O-O Nbd7 11.Qf2 b5 12.g4 b4 13.Nd5 Bxd5 14.exd5 a5 15.g5 Nh5
16.Rg1 Qc7 17.Nd2 a4 18.Nc4 b3 19.Kb1 Rfb8 20.cxb3 axb3 21.a3 g6 22.Rc1 Qd8
23.Qd2 Ng7 24.h4 Rc8 25.Bh3 Ra4 26.Qd3 Nf5 27.Bxf5 gxf5 28.Qc3 Ra6 29.f4 exf4
30.Bxf4 Nc5 31.Qh3 Ne4 32.Qxf5 Nf2  1-0

[Event "Wch U16"]
[Site "Guarapuava"]
[Date "1995.??.??"]
[Round "5"]
[White "Simacek, Pavel"]
[Black "Bates, Richard"]
[Result "1/2-1/2"]
[WhiteElo "2210"]
[BlackElo "2345"]

1.e4 c5 2.Nf3 d6 3.d4 cxd4 4.Nxd4 Nf6 5.Nc3 a6 6.Be3 e5 7.Nf3 Qc7 8.Bg5 Nbd7
9.a4 Be7 10.Nd2 h6 11.Bh4 b6 12.Bc4 Bb7 13.Qe2 O-O 14.O-O Nxe4 15.Bxe7 Nxd2
16.Qxd2 Qxc4 17.Bxf8 Bxg2 18.Kxg2  1/2-1/2

[Event "Wch U16"]
[Site "Guarapuava"]
[Date "1995.??.??"]
[Round "7"]
[White "Roser, Kevin"]
[Black "Bates, Richard"]
[Result "0-1"]
[WhiteElo "2145"]
[BlackElo "2345"]

1.e4 c5 2.Nf3 d6 3.d4 cxd4 4.Nxd4 Nf6 5.Nc3 a6 6.Be3 e5 7.Nb3 Be7 8.Qe2 Be6
9.O-O-O Nbd7 10.f3 h5 11.Qf2 b5 12.Kb1 Qc7 13.h4 Rc8 14.Nd5 Nxd5 15.exd5 Bf5
16.Bd3 Bxd3 17.Rxd3 b4 18.Qd2 a5 19.c3 a4 20.Nc1 e4 21.fxe4 Ne5 22.cxb4 Nxd3
23.Nxd3 Bf6 24.b5 O-O 25.Rc1 Qe7 26.Rxc8 Rxc8 27.Qb4 a3 28.b6 axb2 29.Bd2 Rb8
30.Nxb2 Qe5 31.Be3 Qg3 32.Nc4 Qxg2 33.Nxd6 Be7 34.Bc5 Bxd6 35.Bxd6 Qg1+ 36.Kc2 Rxb6
37.Qc5 Qb1+ 38.Kc3 Qc1+ 39.Kd3 Qb1+ 40.Kc3 Qc1+ 41.Kd3 Qf1+ 42.Kc3 Qf3+ 43.Kd4 Qf6+
44.Be5 Qf2+ 45.Kc4 Qxa2+ 46.Kd3 Rb3+ 47.Bc3 Qb1+ 48.Kc4 Rb8 49.e5 Qf1+ 50.Kd4 Qf2+
51.Kc4 Qxh4+ 52.Bd4 Qh3 53.Qa7 Qb3+ 54.Kc5 Qb5+  0-1

[Event "Wch U16 Girls"]
[Site "Guarapuava"]
[Date "1995.??.??"]
[Round "8"]
[White "Tkeshelashvili, Sofia"]
[Black "Iwaniuk, Dorota"]
[Result "1/2-1/2"]
[WhiteElo "2155"]
[BlackElo "2090"]

1.e4 c5 2.Nf3 d6 3.d4 cxd4 4.Nxd4 Nf6 5.Nc3 a6 6.Be3 e5 7.Nb3 Be6 8.f3 Nbd7
9.Qd2 Be7 10.O-O-O b5 11.g4 Nb6 12.g5 Nh5 13.Nd5 Nxd5 14.exd5 Bd7 15.Kb1 O-O
16.Rg1  1/2-1/2

[Event "Wch U20"]
[Site "Halle"]
[Date "1995.??.??"]
[Round "6"]
[White "Iordachescu, Viorel"]
[Black "Irzhanov, Ruslan"]
[Result "1-0"]
[WhiteElo "2435"]
[BlackElo "2480"]

1.e4 c5 2.Nf3 d6 3.d4 cxd4 4.Nxd4 Nf6 5.Nc3 a6 6.Be3 e5 7.Nb3 Be6 8.f3 Nbd7
9.Qd2 Qc7 10.g4 h6 11.O-O-O b5 12.Kb1 Nb6 13.Qf2 Nc4 14.Bc1 Qc6 15.Bd3 b4
16.Ne2 a5 17.Ng3 Nd7 18.f4 Bxg4 19.Rde1 a4 20.f5 axb3 21.cxb3 Ncb6 22.h3 Bxf5
23.Nxf5 g6 24.Ne3 Nc5 25.Bc2 h5 26.Rhf1 Rh7 27.Rd1 Be7 28.Qg2 Bf8 29.Rf6 Qd7
30.Rdf1 Qe7 31.Qe2 Qa7 32.a4 bxa3 33.bxa3 Ncd7 34.R6f2 d5 35.a4 d4 36.Nd5 Nxd5
37.exd5 Rb8 38.Qc4 Bd6 39.Rxf7 Rxf7 40.Bxg6 Nb6 41.Qc6+ Qd7 42.Bxf7+ Kd8
43.Bg5+ Be7 44.Bxe7+ Qxe7 45.d6 Qd7 46.Bd5 Ke8 47.Ka2 d3 48.Rd1  1-0

[Event "Wch U20"]
[Site "Halle"]
[Date "1995.??.??"]
[Round "7"]
[White "Vydeslaver, Alik"]
[Black "Rowson, Jonathan"]
[Result "1-0"]
[WhiteElo "2445"]
[BlackElo "2400"]

1.e4 c5 2.Nf3 d6 3.d4 Nf6 4.Nc3 cxd4 5.Nxd4 a6 6.Be3 e5 7.Nf3 Qc7 8.a4 Be7
9.Be2 O-O 10.O-O Nbd7 11.Nd2 Nc5 12.Nc4 Be6 13.Nd5 Bxd5 14.exd5 b5 15.axb5 axb5
16.Rxa8 Rxa8 17.Na3 b4 18.Nc4 Ncd7 19.f4 exf4 20.Bxf4 Qc5+ 21.Be3 Qxd5 22.Bf3 Qxd1
23.Rxd1 Rc8 24.Nxd6 Rxc2 25.Nf5 Bc5 26.Bxc5 Rxc5 27.Ne3 Rc8 28.Rd4 Rb8 29.Nc2 b3
30.Nb4 g6 31.Nc6 Rb6 32.Rc4 Rb5 33.Rc3 Rd5 34.Bxd5  1-0

[Event "Wch U20"]
[Site "Halle"]
[Date "1995.??.??"]
[Round "7"]
[White "Kaminski, Marcin"]
[Black "Nalbandian, Tigran"]
[Result "1-0"]
[WhiteElo "2495"]
[BlackElo "2460"]

1.e4 c5 2.Nf3 d6 3.d4 cxd4 4.Nxd4 Nf6 5.Nc3 a6 6.Be3 e5 7.Nb3 Be6 8.f4 Ng4
9.Bd2 g6 10.f5 gxf5 11.exf5 Bxf5 12.Qf3 Be6 13.O-O-O Nc6 14.h3 Nf6 15.g4 Be7
16.g5 Nd7 17.h4 Nb4 18.Bh3 Nb6 19.Be3 Bxh3 20.Rxh3 Nc4 21.a3 Nxe3 22.Qxe3 Nc6
23.Nd5 Rc8 24.Rf3 a5 25.Qe4 a4 26.Qxa4 O-O 27.Qe4 Kg7 28.Rg1 Rg8 29.Kb1 Qe8
30.Qf5 e4 31.Nf6 Bxf6 32.gxf6+ Kh8 33.Rfg3 Rxg3 34.Rxg3 Ne5 35.Rg7 Ng6 36.Qh5 Nf8
37.Qh6  1-0

[Event "Wch U20"]
[Site "Halle"]
[Date "1995.??.??"]
[Round "9"]
[White "Vydeslaver, Alik"]
[Black "Nalbandian, Tigran"]
[Result "1-0"]
[WhiteElo "2445"]
[BlackElo "2460"]

1.e4 c5 2.Nf3 d6 3.d4 cxd4 4.Nxd4 Nf6 5.Nc3 a6 6.Be3 e5 7.Nf3 h6 8.Bc4 Be7
9.O-O O-O 10.Bb3 Nc6 11.Re1 Na5 12.Bd5 Be6 13.Qd3 Rc8 14.b4 Nc4 15.Bxb7 Rb8
16.Bxa6 Nxe3 17.Qxe3 Rxb4 18.Qd2 Qa8 19.Nd5 Bxd5 20.Qxb4 Rb8 21.Bb5 Bxe4
22.a4 Qa7 23.Qd2 Bd8 24.Qxd6 Bb6 25.Red1 Bxf2+ 26.Kh1 Ng4 27.Qd7 Qxd7 28.Bxd7 Nf6
29.Nxe5 Rb2 30.Ng4 Rxc2 31.Nxf6+ gxf6 32.Bg4 f5 33.Bf3 Rc3 34.h3 Bxf3 35.gxf3 f4
36.a5  1-0

[Event "Wch U20"]
[Site "Halle"]
[Date "1995.??.??"]
[Round "10"]
[White "Vydeslaver, Alik"]
[Black "Istratescu, Andrei"]
[Result "1/2-1/2"]
[WhiteElo "2445"]
[BlackElo "2505"]

1.e4 c5 2.Nf3 d6 3.d4 cxd4 4.Nxd4 Nf6 5.Nc3 a6 6.Be3 Ng4 7.Bg5 h6 8.Bh4 g5
9.Bg3 Bg7 10.Be2 Ne5 11.h4 Nbc6 12.Nb3 g4 13.h5 Be6 14.Nd5 Rc8 15.c3 b5 16.Ne3 Rg8
17.O-O Qb6 18.Bxe5 Nxe5 19.Nd4 g3 20.Nef5 gxf2+ 21.Rxf2  1/2-1/2

[Event "Heraklio op"]
[Site "Heraklio"]
[Date "1995.??.??"]
[Round "6"]
[White "Pavlovic, Milos"]
[Black "Shipov, Sergei"]
[Result "0-1"]
[WhiteElo "2505"]
[BlackElo "2510"]

1.e4 c5 2.Nf3 d6 3.d4 cxd4 4.Nxd4 Nf6 5.Nc3 a6 6.Be3 e6 7.g4 h6 8.Qf3 Nc6
9.Rg1 Be7 10.O-O-O Qc7 11.h4 Nd7 12.g5 hxg5 13.hxg5 g6 14.Qg3 b5 15.Bxb5 axb5
16.Ncxb5 Qb7 17.Nxd6+ Bxd6 18.Qxd6 Ne7 19.Rh1 Rg8 20.Nxe6 Rxa2 21.Nc7+ Kd8
22.b3 Qxe4 23.Qc5 Qxh1  0-1

[Event "Hofheim MT"]
[Site "Hofheim"]
[Date "1995.??.??"]
[Round "8"]
[White "Schmitzer, Klaus"]
[Black "Ginsburg, Gennadij"]
[Result "1-0"]
[WhiteElo "2355"]
[BlackElo "2440"]

1.e4 c5 2.Nf3 d6 3.d4 cxd4 4.Nxd4 Nf6 5.Nc3 a6 6.Be3 e6 7.Qd2 b5 8.f3 Qa5
9.a4 b4 10.Nce2 Qc7 11.c4 Nbd7 12.Nc1 Nc5 13.a5 Rb8 14.Be2 Be7 15.O-O O-O
16.Qc2 Bd7 17.Nd3 b3 18.Qd2 g6 19.Bd1 e5 20.Ne2 Be6 21.Nxc5 dxc5 22.Qc3 Rb4
23.Bxb3 Rfb8 24.Nc1 Nd7 25.Ra3 Qb7 26.Bd2 Qc7 27.Nd3 f6 28.Qc2 R4b7 29.Ba4 Nf8
30.Raa1 Bf7 31.b3 Ne6 32.Nc1 Nd4 33.Qd1 Rd8 34.Rf2 Bf8 35.Ne2 Rdb8 36.Ra3 Qd8
37.Nc1 Qd6 38.Qf1 Nc2 39.Ra2 Nd4 40.f4 Rd8 41.fxe5 Qxe5 42.Rxf6 Bd6 43.Qf4 Qe7
44.Qh4 Be5 45.Bg5 Bxf6 46.Bxf6 Nf5 47.Bxe7 Rd1+ 48.Kf2 Nxh4 49.Bg5 Be6 50.Kg3 Rd4
51.Re2 h6 52.Bxh6 Rh7 53.Bd2 Rh5 54.Bc6 Kf7 55.Bb7 Rd6 56.Be3 Ke8 57.Bf4 Rd1
58.Bxa6 g5 59.Be3 g4 60.Bb5+ Kf7 61.Rf2+ Kg7 62.a6  1-0

[Event "EU-ch U20"]
[Site "Holon"]
[Date "1995.??.??"]
[Round "1"]
[White "Liss, Eran"]
[Black "Hedman, Erik"]
[Result "1/2-1/2"]
[WhiteElo "2480"]
[BlackElo "2320"]

1.e4 c5 2.Nf3 d6 3.d4 cxd4 4.Nxd4 Nf6 5.Nc3 a6 6.Be3 Ng4 7.Bg5 h6 8.Bh4 g5
9.Bg3 Bg7 10.Qd2 Nc6 11.Nb3 Be6 12.f3 Nge5 13.Nd5 b5 14.Bf2 Rb8 15.Nd4 Qd7
16.Be2 Nxd4 17.Bxd4 Bxd5 18.exd5 Qb7 19.Be3 Nc4 20.Bxc4 bxc4 21.Kf2 Qb4 22.Qe2 Rb5
23.Rhd1 O-O 24.Rab1 Qa5 25.Qxc4 Rb4 26.Qe2 Qxa2 27.b3 Rc8 28.c4 Qxe2+ 29.Kxe2 Rcb8
30.c5 dxc5 31.Bxc5 R4b7 32.Rd2 Rc8 33.Be3 Rcb8 34.Bc5  1/2-1/2